Southville International School and Colleges
Your cart is empty.
  • Cart
  • Lists
    Public lists Eva Luna New books Lux_list list_1
    Your lists Log in to create your own lists
  • Log in to your account
  • Your cookies
  • Search history
Southville International School and Colleges
  • Advanced search
  • Recent comments
  • Most popular
  • Libraries

Log in to your account

Log in with GOOGLE


If you do not have an external account, but do have a local account, you can still log in:

  1. Home
  2. MARC view: C++ how to program /
Normal view MARC view ISBD view

C++ how to program / (Record no. 283619)

[ view plain ]
MARC details
000 -LEADER
fixed length control field 00959pam a22003014a 4500
003 - CONTROL NUMBER IDENTIFIER
control field OCoLC
005 - DATE AND TIME OF LATEST TRANSACTION
control field 20150226092753.0
007 - PHYSICAL DESCRIPTION FIXED FIELD--GENERAL INFORMATION
fixed length control field co uu-g--u----
008 - FIXED-LENGTH DATA ELEMENTS--GENERAL INFORMATION
fixed length control field 020806s2003 njua b 001 0 eng
010 ## - LIBRARY OF CONGRESS CONTROL NUMBER
LC control number 2002030725
020 ## - INTERNATIONAL STANDARD BOOK NUMBER
International Standard Book Number 9780273779872
040 ## - CATALOGING SOURCE
Original cataloging agency DLC
Transcribing agency DLC
Modifying agency YDX
-- CIN
042 ## - AUTHENTICATION CODE
Authentication code pcc
050 00 - LIBRARY OF CONGRESS CALL NUMBER
Classification number QA 76.73.C153
Item number .D45 2013
100 1# - MAIN ENTRY--PERSONAL NAME
Personal name Deitel, Paul J.
245 10 - TITLE STATEMENT
Title C++ how to program /
Statement of responsibility, etc Paul Deitel, Harvey Deitel.
246 #0 - VARYING FORM OF TITLE
Title proper/short title C++ in the lab.
250 ## - EDITION STATEMENT
Edition statement 8th ed.
Remainder of edition statement Pearson Horizon editions.
260 ## - PUBLICATION, DISTRIBUTION, ETC. (IMPRINT)
Place of publication, distribution, etc Boston :
Name of publisher, distributor, etc Prentice Hall,
Date of publication, distribution, etc c2013.
300 ## - PHYSICAL DESCRIPTION
Extent l101 pages :
Other physical details illustrations ;
Dimensions 24 cm.
500 ## - GENERAL NOTE
General note Previously entered under: Harvey Deitel.
500 ## - GENERAL NOTE
General note "Contributions to the International and Horizon Editions by Piyali Sengupta."
521 ## - TARGET AUDIENCE NOTE
Target audience note Information Technology
650 #0 - SUBJECT ADDED ENTRY--TOPICAL TERM
Topical term or geographic name as entry element C++ (Computer program language)
700 1# - ADDED ENTRY--PERSONAL NAME
Personal name Deitel, Harvey M.,
Dates associated with a name 1945-
700 1# - ADDED ENTRY--PERSONAL NAME
Personal name Sengupta, Piyali.
942 ## - ADDED ENTRY ELEMENTS (KOHA)
Source of classification or shelving scheme Library of Congress Classification
Koha item type Books
Holdings
Withdrawn status Lost status Source of classification or shelving scheme Damaged status Home library Current library Shelving location Date acquired Source of acquisition Sub Shelving location Total Checkouts Full call number Barcode Date last seen Price effective from Koha item type
    Library of Congress Classification   College Library College Library Reserve Section 02/26/2015 Library Fund     QA 76.73.C153 .D45 2013 C19112 05/15/2018 02/26/2015 Books

C++ how to program /

APA

Deitel P. J., Deitel H. M. & Sengupta P. (2013). C++ how to program. Boston: Prentice Hall.

Chicago

Deitel Paul J, Deitel Harvey M and Sengupta Piyali. 2013. C++ how to program. Boston: Prentice Hall.

Harvard

Deitel P. J., Deitel H. M. and Sengupta P. (2013). C++ how to program. Boston: Prentice Hall.

MLA

Deitel Paul J, Deitel Harvey M and Sengupta Piyali. C++ how to program. Boston: Prentice Hall. 2013.

  • Place hold
  • Print
  • Cite
  • Add to your cart (remove)
  • Save record
    BIBTEX Dublin Core MARCXML MARC (non-Unicode/MARC-8) MARC (Unicode/UTF-8) MARC (Unicode/UTF-8, Standard) MODS (XML) RIS
  • More searches
    Search for this title in:
    Other Libraries (WorldCat) Other Databases (Google Scholar) Online Stores (Bookfinder.com) Open Library (openlibrary.org)

Exporting to Dublin Core...

SOUTHVILLE LIBRARY

Southville International School and Colleges Library

1281 Tropical Ave. Cor. Luxembourg St., BF Homes International, Las Pinas City

Tel. No. 8256374 / 252358 Loc. 117/146

Powered by Koha